Deset kapitol z diferenciálního a integrálního počtu /

Autor nemíní "seznámit čtenáře s látkou diferenciálního a integrálního počtu v plné její šíři, nýbrž ukázat jen nejzákladnější výběr pojmů a method, jichž se v tomto oboru matematiky užívá, a dát čtenáři neskreslenou představu o tom, jak se v tomto úseku pracuje". K výkladům předpokládajícím minimál...

Celý popis

Hlavní autor: Hruša, Karel, 1905-1971
Jazyk: Čeština
Vydáno: Praha : Přírodovědecké vydavatelství, 1952
Vydání: 1. vyd.
Edice: Cesta k vědění (Přírodovědecké vydavatelství)
Externí odkaz: Digitalizovaný dokument
Fyzický popis: 202, [2] s. ; 8°
Knihy
Uloženo v:
LEADER 02068nam a22003492a 4500
001 001086603
003 CZ BrMZK
005 20120517113021.0
007 ta
008 100212s1952 xr er|||||||||||cze d
015 |a cnb000505483 
035 |a (OCoLC)85309276 
040 |a ABA001  |b cze  |c PNA001  |d ABA001 
100 1 |a Hruša, Karel,  |d 1905-1971  |7 jk01043012  |4 aut 
245 1 0 |a Deset kapitol z diferenciálního a integrálního počtu /  |c Karel Hruša 
250 |a 1. vyd. 
260 |a Praha :  |b Přírodovědecké vydavatelství,  |c 1952 
300 |a 202, [2] s. ;  |c 8° 
490 1 |a Cesta k vědění ;  |v sv. 64 
500 |a 1-4400 výt. 
504 |a Obsahuje bibliografické odkazy a rejstřík 
520 2 |a Autor nemíní "seznámit čtenáře s látkou diferenciálního a integrálního počtu v plné její šíři, nýbrž ukázat jen nejzákladnější výběr pojmů a method, jichž se v tomto oboru matematiky užívá, a dát čtenáři neskreslenou představu o tom, jak se v tomto úseku pracuje". K výkladům předpokládajícím minimální znalosti základů matematiky v rozsahu škol třetího stupně připojuje kontrolní cvičení. Z obsahu: Pojem funkce - Limita - Spojitost - Derivace - Integrál určitý a neurčitý - Funkce složené a inversní - Logaritmus a obecná mocnina - Užití integrálu. 
830 0 |a Cesta k vědění (Přírodovědecké vydavatelství) 
856 4 1 |u http://www.digitalniknihovna.cz/mzk/uuid/uuid:039da700-2021-11e3-a5bb-005056827e52  |y Digitalizovaný dokument  |x NDK 
910 |a BOA001  |b TK-0024.046,64  |b 1-0288.046 
920 |a 000242167 
990 |a BK 
991 |b 201002 
996 7 |b 2619381296  |c 1-0288.046  |l MZK  |r Sklad / do 1 hodiny  |n 0  |w 001110277  |u 000040  |a 1  |e BOA001  |j MZK50  |s A 
996 6 |b 2619381297  |c 1-0288.046  |l MZK  |r Sklad / do 1 hodiny  |n 0  |w 001110277  |u 000030  |a 1  |e BOA001  |j MZK50  |s P 
996 7 |b 2619872585  |c 1-0288.046  |l MZK  |r Sklad / do 1 hodiny  |n 2  |w 001110277  |u 000020  |a 1  |e BOA001  |j MZK50  |s A 
996 7 |b 2629950117  |c TK-0024.046,64  |l MZK  |r Sklad / do 24 hodin  |n 0  |w 001110277  |u 000010  |a 1  |e BOA001  |j MZK50  |s A